Paroles - Jul - Bandit - Statistiques

Statistiques générales
  • Ce quiz a été pris 24 fois
    18 depuis la dernière actualisation
  • Le résultat moyen est 119 sur 437
Statistiques - réponses
Réponse % Correct
à
93%
a
93%
en
67%
bandit
60%
encore
60%
REFRAIN J'ai
60%
REFRAIN j'ai
60%
la
60%
60%
le
60%
ma
60%
de
53%
dégaine
53%
DP
53%
du
53%
elle
53%
jean
53%
jul
53%
Jul
53%
sur
53%
survet
53%
survet'
53%
écoute
47%
et
47%
les
47%
mal
47%
m'mettre
47%
quand
47%
ta
47%
ça
40%
ca
40%
gadjis
40%
luxe
40%
miss
40%
t'aimes
40%
thaï
40%
comme
33%
dans
33%
on
33%
pas
33%
s'dandine
33%
j'fais
27%
tête
27%
tu
27%
y
27%
boxe
20%
bye
20%
c'est
20%
Dandy
20%
dandy
20%
des
20%
d'la
20%
j'lui
20%
j'vais
20%
peu
20%
que
20%
ses
20%
voulait
20%
boule
13%
bulles
13%
caille
13%
cambu
13%
c'que
13%
d'air
13%
dedans
13%
derrière
13%
dit
13%
d'Oakley
13%
doublée
13%
eh
13%
envie
13%
est
13%
gros
13%
grossier
13%
il
13%
importe
13%
j'dis
13%
j'lai
13%
j'représente
13%
j'suis
13%
j't'rentre
13%
l'jacuzzi
13%
l'top
13%
maille
13%
mais
13%
mer
13%
mère
13%
m'parler
13%
nan
13%
ouais
13%
paire
13%
pasa
13%
passage
13%
plus
13%
prochain
13%
p'tite
13%
qu'de
13%
quoi
13%
racailles
13%
seins
13%
showcase
13%
si
13%
sous
13%
taille
13%
terre
13%
t'nique
13%
toi
13%
toujours
13%
t'sais
13%
un
13%
ville
13%
PONT vue
13%
zio
13%
13
7%
ailleurs
7%
ampoules
7%
assis
7%
avant
7%
bah
7%
Baille
7%
beau
7%
biff
7%
bouges
7%
b'soin
7%
camouflés
7%
cools
7%
cracher
7%
crois
7%
déraille
7%
d'être
7%
d'ma
7%
dois
7%
donnes
7%
dos
7%
d'rosé
7%
fais
7%
fait
7%
faut
7%
gens
7%
giffles
7%
gratte
7%
guette
7%
j'aime
7%
j'bois
7%
j'cours
7%
j'évite
7%
j'mets
7%
j'nique
7%
j'pete
7%
j't'en
7%
ju-jul
7%
jusqu'à
7%
l'adresse
7%
l'Araï
7%
l'boulevard
7%
lever
7%
l'sac
7%
l'viano
7%
maintenant
7%
m'appelle
7%
miff
7%
m'vois
7%
ne
7%
par
7%
paye
7%
pet
7%
pour
7%
qu'ça
7%
qu'je
7%
qu't'as
7%
qu'tu
7%
ramenée
7%
rien
7%
sage
7%
s'fait
7%
souffres
7%
t'as
7%
t'es
7%
teuteu
7%
t'mettre
7%
ton
7%
Toulon
7%
tout
7%
VHR
7%
vienne
7%
voudrais
7%
ah
0%
Ah
0%
après
0%
avoir
0%
bateau
0%
blondes
0%
bouclés
0%
bravo
0%
cagoule
0%
cheveux
0%
coke
0%
content
0%
cramé
0%
d'faire
0%
d'malheur
0%
d'te
0%
eu
0%
fous
0%
frappe
0%
frayeurs
0%
j'fume
0%
j'kiffe
0%
l'as
0%
l'Fazer
0%
l'pigeon
0%
l'RS
0%
l'trou
0%
marre
0%
mèches
0%
m'lance
0%
molo
0%
moulon
0%
négocié
0%
Oakley
0%
Paname
0%
piques
0%
plaqué
0%
plaques
0%
pourrais
0%
soirée
0%
soleil
0%
tapes
0%
tirer
0%
toute
0%
t'prendre
0%
tresses
0%
trop
0%
Yamakazis
0%
Aucun quiz correspondant
Distribution des résultats
% des personnes avec chaque résultat
Percentile par nombre de réponses
Votre historique - résultats
Vous n’avez pas pris ce quiz depuis la dernière actualisation